| 000 | 00361nam a2200157Ia 4500 | ||
|---|---|---|---|
| 008 | 230312s9999||||xx |||||||||||||| ||und|| | ||
| 020 | _a978-81-203-3828 | ||
| 082 |
_a621.3 _bHAM-E |
||
| 100 | _aHambley, Allan R. | ||
| 245 | 0 | _aElectrical Engineering | |
| 260 |
_bPHI _aIndia _c2005 |
||
| 300 | _a880 | ||
| 546 | _aEng. | ||
| 650 | _aEngineering | ||
| 942 | _cBK | ||
| 999 |
_c3529 _d3529 |
||